000 00359 a2200121 4500
001 ART_29056
005 20260410161909.0
008 260409a
245 1 0 _aAn economic theory of central places
100 1 _aLipsey, Richard G.
700 1 _aEaton, B. Curtis
773 0 _tThe Economic Journal
_g- Vol. 92, NÂș 365 (mar. 1982)
_wREV12512
999 _c26655
_d26655